Recent Dutch railway stations - Statistics

General Stats
  • This quiz has been taken 15 times
  • The average score is 18 of 43
Answer Stats
Station % Correct
Amersfoort Vathorst
73%
Utrecht Leidsche Rijn
73%
Zwolle Stadshagen
73%
Almere Poort
64%
Amsterdam Science Park
64%
Dronten
64%
Kampen Zuid
64%
Utrecht Terwijde
64%
Utrecht Vaartsche Rijn
64%
Utrecht Zuilen
64%
Almere Oostvaarders
55%
Eemshaven
55%
Emmen Zuid
55%
Groningen Europapark
55%
Houten Castellum
55%
Lansingerland-Zoetermeer
55%
Nijmegen Goffert
55%
Arnhem Zuid
45%
Den Haag Ypenburg
45%
Hengelo Gezondheidspark
45%
Maastricht Noord
45%
Boskoop Snijdelwijk
36%
Enschede De Eschmarke
36%
Purmerend Weidevenne
36%
Waddinxveen Triangel
36%
Amsterdam Holendrecht
27%
Apeldoorn De Maten
27%
Apeldoorn Osseveld
27%
Eygelshoven Markt
27%
Hardinxveld Blauwe Zoom
27%
Heerlen Woonboulevard
27%
Helmond Brandevoort
27%
Maarheeze
27%
Tiel Passewaaij
27%
Tilburg Reeshof
27%
Winterswijk West
27%
Barneveld Zuid
18%
Boven Hardinxveld
18%
Halfweg-Zwanenburg
18%
Hoevelaken
18%
Mook-Molenhoek
18%
Sassenheim
18%
Gaanderen
9%
No matching quizzes found
Score Distribution
Percent of People with Each Score
Percentile by Number Answered
Your Score History
You have not taken this quiz